Normale Ansicht MARC-Ansicht ISBD

Die Kaiser: (Titelsatznr. 372392)

[ MARC ]
MARC-Details
000 -Satzkennung
Kontrollfeld mit fester Länge 01609cam a2200445 4500
001 - Kontrollnummer
Kontrollfeld 502982462
003 - Kontrollnummer Identifier
Kontrollfeld DE-627
005 - Datum und Zeit der letzten Transaktion
Kontrollfeld 20230426120224.0
007 - Feld mit fester Länge zur physischen Beschreibung - Allgemeine Information
Kontrollfeld mit fester Länge tu
008 - Feld mit fester Länge zur physischen Beschreibung - Allgemeine Angaben
Kontrollfeld mit fester Länge 051117s2006 gw ||||| 00| ||ger c
015 ## - Nummer der Nationalbibliografie
Nummer der Nationalbibliografie 05,N48,1706
Quelle dnb
015 ## - Nummer der Nationalbibliografie
Nummer der Nationalbibliografie 06,A32,2154
Quelle dnb
016 7# - Kontrollnummer der nationalbibliografischen Agentur
Datensatzkontrollnummer 97699111X
Quelle DE-101
020 ## - Internationale Standardbuchnummer
Bezugsbedingungen Pp. : EUR 14.95
020 ## - Internationale Standardbuchnummer
Internationale Standardbuchnummer 3865390749
Bezugsbedingungen Pp. : EUR 14.95
020 ## - Internationale Standardbuchnummer
Internationale Standardbuchnummer 9783865390745
028 52 - Verlegernummer
Verlegernummer 626-00129
035 ## - Systemkontrollnummer
System-Kontrollnummer (DE-627)502982462
035 ## - Systemkontrollnummer
System-Kontrollnummer (DE-599)DNB97699111X
035 ## - Systemkontrollnummer
System-Kontrollnummer (OCoLC)166028886
040 ## - Katalogisierungsquelle
Original-Katalogisierungsstelle DE-627
Katalogisierungssprache ger
Übertragungsstelle DE-627
Beschreibungsfestlegungen rakwb
Bearbeitungsstelle DE-2950
041 ## - Sprachcode
Sprachcode des Textes/der Tonspur oder des separaten Titels ger
044 ## - Ländercode der veröffentlichenden/herstellenden Stelle
ISO-Ländercode XA-DE-HE
082 04 - Notation nach der Dewey Decimal Classification
Notation 943
084 ## - Andere Notation
Notation 15.30
Quelle der Nummer bkl
245 14 - Titel
Titel Die Kaiser:
Zusatz zum Titel 1200 Jahre europäische Geschichte /
Verfasserangabe etc. Gerhard Hartmann/Karl Schnith (Hrsg.). Unter Mitarb. von Wilfried Hartmann ...
264 #1 - Produktion, Veröffentlichung, Distribution, Herstellung und Urheberrechtsvermerk
Herstellungs-, Veröffentlichungs- Vertriebs-, Erzeugungsort Wiesbaden:
Produzent, Herausgeber, Distributor, Hersteller Marix-Verl.,
Datum der Herstellung, der Veröffentlichung, des Vertriebs oder des Urheberschutzvermerks 2006.
300 ## - Physische Beschreibung
Umfang 887 Seiten:
Andere physische Details Illustrationen
Maße 24 cm
336 ## - Inhaltstyp
Inhaltstypterm Text
Inhaltstypcode txt
Quelle rdacontent
337 ## - Medientyp
Bezeichnung des Medientyps ohne Hilfsmittel zu benutzen
Medientypcode n
Quelle rdamedia
338 ## - Datenträgertyp
Datenträgertypbezeichnung Band
Datenträgertypcode nc
Quelle rdacarrier
500 ## - Allgemeine Fußnote
Allgemeine Fußnote Literaturverz. S. 809 - 824
951 ## - EQUIVALENCE OR CROSS-REFERENCE--GEOGRAPHIC NAME/AREA NAME [OBSOLETE] [CAN/MARC only]
Geografischer Name BO
700 1# - Nebeneintragung - Personenname
Personenname Hartmann, Gerhard
Funktionsbezeichnung Hrsg.
Code für Beziehungskennzeichnung edt
700 1# - Nebeneintragung - Personenname
Personenname Hartmann, Wilfried
Datumsangaben in Verbindung mit einem Namen 1942-
IDN des Normdatensatzes oder Standardnummer (DE-588)123202892
-- (DE-627)082409749
-- (DE-576)293603022
Code für Beziehungskennzeichnung oth
856 42 - Elektronische Adresse und Zugriff
URL <a href="http://www.gbv.de/dms/hebis-darmstadt/toc/178744069.pdf">http://www.gbv.de/dms/hebis-darmstadt/toc/178744069.pdf</a>
Kontaktstelle für Hilfe beim Zugriff V:DE-603
-- B:DE-17
Elektronisches Format pdf/application
Verknüpfungstext Inhaltsverzeichnis
Spezifische Materialangaben Inhaltsverzeichnis
856 42 - Elektronische Adresse und Zugriff
URL <a href="http://deposit.dnb.de/cgi-bin/dokserv?id=2705194&prov=M&dok_var=1&dok_ext=htm">http://deposit.dnb.de/cgi-bin/dokserv?id=2705194&prov=M&dok_var=1&dok_ext=htm</a>
Kontaktstelle für Hilfe beim Zugriff X: MVB
Elektronisches Format text/html
Zugriffszeiten 20130501
Spezifische Materialangaben Inhaltstext
936 bk - OCLC/CONSER MISCELLANEOUS DATA (OCLC); PIECE USED FOR CATALOGING (pre-AACR2) (RLIN)
OCLC control number(s) of parallel record(s) (OCLC); Piece used for cataloging, PUC (RLIN) 15.30
942 ## - Zusätzliche Felder (Koha)
Klassifikation oder Aufstellungssystematik Andere/Generische Klassifikation
Koha-Medientyp Bücher
Exemplare
Ausgeschieden Verloren Klassifikation oder Aufstellungssystematik Beschädigt Nicht entleihbar Heimatbibliothek Aufenthaltsbibliothek Aufstellungsort Erwerbungsdatum Anzahl Ausleihen Signatur Letzte Aktivität Exemplarnummer Preis gültig von Koha-Medientyp
    Andere/Generische Klassifikation     Stadtarchiv Frankfurt (Oder) | Archivbibliothek Stadtarchiv Frankfurt (Oder) | Archivbibliothek Magazin 26/04/2023   II: 5091 26/04/2023 85/2023 26/04/2023 Bücher